000 00941cam a2200229 4500
001 ABS63018
008 000000n2000 000 0 eng u
035 _a(Sirsi) u109200
100 _aCasely-Hayford, M.
245 _aFood for thought
260 _c2000
490 _aEstates Gazette
_v(0044) 4 November 2000, 146(1)
520 _aGM crops have raised doubts over the efficacy of the UK's environmental impact legislation. For no environmental impact assessment on the likely effects of GM crop trials has been required in the UK. Suggests that it is up to the government to show whether the relevant EC directive was properly introduced into domestic legislation.
590 _aABS
650 _aENVIRONMENTAL IMPACT ASSESSMENTS
650 _aGENETICALLY MODIFIED TRIALS
650 _aContamination
_96231
650 _aEC DIRECTIVE 85/337
690 _aENVIRONMENT-ENVIRONMENTAL LAW
700 _aBanks, S.
942 _n0
999 _c65195
_d65195